002820000a220007300045001000022000002450092000223000047001147730047001611 aMandolfo, Carleen10aYou meant evil egainst me : Dialogic truth and the character of Jacob in Joseph's story aVol. 28, Núm 4 (2004), Páginas 449-4650 tJournal for the Study of the Old Testament